El gobierno del Gral. EP. Juan Velasco Alvarado 1968-1975, bajo la influencia de la Guerra Fría / (Record no. 21160)

000 -CABECERA
fixed length control field 00904nam a22002057a 4500
003 - IDENTIFICADOR DEL NÚMERO DE CONTROL
control field AR-CdUCM
008 - DATOS DE LONGITUD FIJA--INFORMACIÓN GENERAL
fixed length control field 190503b ||||| |||| 00| 0 spa d
040 ## - FUENTE DE LA CATALOGACIÓN
Agencia/entidad que catalogó originalmente la obra MUNICIPALIDAD PROVINCIAL DEL CUSCO
Entidad que transcribió la catalogación BIBLIOTECA MUNICIPAL DEL CUSCO
082 ## - NÚMERO DE LA CLASIFICACIÓN DECIMAL DEWEY
No. de Clasificación 985.093 / L93
Notacion interna L93
100 ## - ENTRADA PRINCIPAL--NOMBRE DE PERSONA
Nombre Personal Lovaton Huillca, Jaime
245 ## - MENCIÓN DE TÍTULO
Título El gobierno del Gral. EP. Juan Velasco Alvarado 1968-1975, bajo la influencia de la Guerra Fría /
Mención de responsabilidad Jaime Lovaton Huillca
260 ## - PUBLICACIÓN, DISTRIBUCIÓN, ETC.
Lugar de publicación, distribución, etc. Cusco ;
Nombre de la editorial, distribuidor, etc. R&R,
Fecha de publicación, distribución, etc. 2017.
300 ## - DESCRIPCIÓN FÍSICA
Nº de Páginas Extensión 249
Dimensiones 24 cm.
505 ## - NOTA DE CONTENIDO CON FORMATO
Nota de contenido formateada Contenido:Aspectos conducentes al golpe militar en el año de 1968 en el Perú -- Factores internos -- Instrumentos para crear condiciones de dominio y dependencia -- La ideología aplicada bajo el dominio de la guerra fría.
650 ## - PUNTO DE ACCESO ADICIONAL DE MATERIA--TÉRMINO DE MATERIA
Descriptor Política y gobierno
9 (RLIN) 2693
650 ## - PUNTO DE ACCESO ADICIONAL DE MATERIA--TÉRMINO DE MATERIA
Descriptor Revolución
9 (RLIN) 44200
650 ## - PUNTO DE ACCESO ADICIONAL DE MATERIA--TÉRMINO DE MATERIA
Descriptor Reforma agraria
9 (RLIN) 1861
942 ## - ELEMENTOS DE PUNTO DE ACCESO ADICIONAL (KOHA)
Fuente de clasificación
Tipo de item Libros-BMC
945 ## - PROCESAMIENTO DE INFORMACIÓN LOCAL (OCLC)
Catalogador Roel
Holdings
Estado de retiro (separado) Fuente de clasificación o esquema de estanterías Estado dañado Ubicación Sala donde se ubica Nombre de la colección Fecha de adquisición o compra Fuente de adquisición Costo, precio normal en soles Signatura topográfica Código de Barras Última vez visto (Koha) Tipo de ítem (Koha)
No     Sala Humanidades Sala Humanidades Book Cart 2020-02-07 Depósito Legal BNP N° 2017-05752 10.00 985.093 / L93 SH0000015629 2020-02-07 Libros-BMC

Powered by Koha